000 00360nam a22001337a 4500
020 _a9780198735960
082 _a345
_bBLA
245 _aBlackstone's Statutes on Criminal Law 2015-2016 /
_cEdited by P. R. Glazebrook
250 _a25th Edition.
260 _aOxford:
_bOxford University Press,
_c2015.
300 _a434 p.
563 _aPB.
942 _2ddc
_cBK
999 _c613827
_d613827